000 00353 a2200157 4500
001 61846
020 _a9788599007037
040 _cAnchieta - Pituba
100 _aGouveia, Luis Augusto
240 1 0 _aE a conversa continua!
_lpor
245 1 0 _aE a conversa continua!
300 _a111
362 0 _a2000
650 4 _aLiteratura juvenil
942 _cBK
999 _c61846
_d61846